000
00205nam a2200085Ia 4500
008
120527s9999 xx 000 0 und d
100
_a
Ross, et a l
245
_a
Essentials of corporate finanace
942
_c
BK
999
_c
27185
_d
27185